[Event "FRA-chT2 1011"]
[Site "France"]
[Date "2010.10.17"]
[Round "1.6"]
[White "Polard, Gaetan"]
[Black "Levaux, Christian"]
[Result "1-0"]
[WhiteElo "2218"]
[BlackElo "2121"]
[PlyCount "119"]
[EventDate "2010.10.17"]
[EventType "team-tourn"]
[EventRounds "11"]
[EventCountry "FRA"]
[SourceTitle "EXT 2012"]
[Source "ChessBase"]
[SourceDate "2011.11.24"]
[SourceVersion "1"]
[SourceVersionDate "2011.11.24"]
[SourceQuality "1"]

1. e4 e6 2. d4 d5 3. Nc3 Bb4 4. e5 b6 5. a3 Bf8 6. Bb5+ c6 7. Ba4 Ne7 8. Nce2 Nf5 9. Nf3 Nh4 10. Nxh4 Qxh4 11. 0-0 g6 12. Be3 Bb7 13. Qd2 Qd8 14. Bg5 Be7 15. Bh6 Rg8 16. c3 Nd7 17. Rfe1 a5 18. Bc2 a4 19. Nf4 Bf8 20. Nh3 Bxh6 21. Qxh6 Nf8 22. Ng5 Qe7 23. Re3 f5 24. exf6 Qxf6 25. Nxh7 Nxh7 26. Qxh7 0-0-0 27. Qh3 Rde8 28. Rae1 Kd7 29. Bd1 Bc8 30. Qg3 Rg7 31. Bxa4 g5 32. Bd1 Qf4 33. Bg4 Kd6 34. Rf3 Qxg3 35. Rxg3 Rf8 36. Rge3 Rf6 37. g3 b5 38. Kg2 Bd7 39. Rf3 Rh6 40. Rf8 Ke7 41. Rf3 Be8 42. Rfe3 Bf7 43. h3 Kd6 44. f4 gxf4 45. gxf4 Rf6 46. Kg3 Bg8 47. Re5 c5 48. dxc5+ Kxc5 49. Rg5 Rgg6 50. h4 Bf7 51. Rxg6 Rxg6 52. h5 Rf6 53. Be2 Be8 54. Rh1 d4 55. h6 Rg6+ 56. Bg4 Rg8 57. h7 Rh8 58. Bxe6 d3 59. Kf2 Bg6 60. Bg8 1-0

[Event "FRA-chT2 Nord 0708"]
[Site "France"]
[Date "2008.04.05"]
[Round "10.7"]
[White "Levaux, Christian"]
[Black "Cabel Simon, Remi"]
[Result "1-0"]
[WhiteElo "2110"]
[BlackElo "1821"]
[PlyCount "81"]
[EventDate "2007.10.21"]
[EventType "team-tourn"]
[EventRounds "11"]
[EventCountry "FRA"]
[SourceTitle "EXT 2009"]
[Source "ChessBase"]
[SourceDate "2008.11.26"]
[SourceVersion "1"]
[SourceVersionDate "2008.11.26"]
[SourceQuality "1"]
[WhiteTeam "Lille"]
[BlackTeam "Arcueil"]
[WhiteTeamCountry "FRA"]
[BlackTeamCountry "FRA"]

1. Nf3 g6 2. c4 Bg7 3. g3 d6 4. Bg2 Nf6 5. Nc3 0-0 6. 0-0 c6 7. d4 Nbd7 8. e4 e5 9. d5 Nc5 10. Ne1 Ne8 11. b4 Nd7 12. Bd2 f5 13. Nd3 f4 14. a4 h5 15. dxc6 bxc6 16. b5 cxb5 17. cxb5 Nb6 18. Qb3+ Kh7 19. a5 Nd7 20. f3 Nc5 21. Nxc5 dxc5 22. Rfd1 Qd4+ 23. Kh1 fxg3 24. hxg3 Nc7 25. Be1 Qe3 26. Qb2 Be6 27. Bf2 Qg5 28. Bxc5 Rfd8 29. Qf2 Bb3 30. Be3 Qe7 31. Rdb1 Qe6 32. Bf1 Bf8 33. b6 axb6 34. axb6 Ne8 35. Rxa8 Rxa8 36. Qb2 Ra3 37. Nb5 Bc4 38. Bxc4 Qh3+ 39. Qh2 Qxh2+ 40. Kxh2 Rxe3 41. b7 1-0

[Event "FRA-chT1A 0607"]
[Site "France"]
[Date "2006.12.06"]
[Round "4.5"]
[White "Amoyal, Pierre"]
[Black "Levaux, Christian"]
[Result "1/2-1/2"]
[WhiteElo "2171"]
[BlackElo "2062"]
[PlyCount "91"]
[EventDate "2006.10.15"]
[EventType "team-tourn"]
[EventRounds "11"]
[EventCountry "FRA"]
[SourceTitle "EXT 2008"]
[Source "ChessBase"]
[SourceDate "2007.11.25"]
[SourceVersion "1"]
[SourceVersionDate "2007.11.25"]
[SourceQuality "1"]
[WhiteTeam "Deauville"]
[BlackTeam "Lille"]
[WhiteTeamCountry "FRA"]
[BlackTeamCountry "FRA"]

1. d4 Nf6 2. c4 d6 3. Nc3 e5 4. Nf3 e4 5. Ng5 Bf5 6. g3 h6 7. Nh3 c6 8. Nf4 Be7 9. Qb3 Qc7 10. Bd2 Nbd7 11. Bg2 0-0 12. g4 e3 13. gxf5 exd2+ 14. Kxd2 d5 15. e3 Bd6 16. Nfe2 dxc4 17. Qxc4 Qa5 18. e4 Rad8 19. Kc2 Bb4 20. a3 Bxc3 21. Qxc3 Qa6 22. Rae1 c5 23. d5 Rfe8 24. Rhg1 Qa4+ 25. Kc1 Ne5 26. f4 Neg4 27. Bf3 Nxe4 28. Bxe4 Rxe4 29. Kb1 Re3 30. Qxc5 Qe4+ 31. Qc2 Nf6 32. Qxe4 Rxe4 33. Rg2 Nxd5 34. Reg1 Kf8 35. Ng3 Rd4 36. Nh5 Nxf4 37. Nxf4 Rxf4 38. Rxg7 Rd2 39. Rg8+ Ke7 40. Rb8 b6 41. Rb7+ Kf6 42. Rc1 Rff2 43. Rc6+ Kg7 44. Rg6+ Kh8 45. Rxf7 Rxb2+ 46. Kc1 1/2-1/2

[Event "FRA-chT1A 0607"]
[Site "France"]
[Date "2006.11.06"]
[Round "3.7"]
[White "Levaux, Christian"]
[Black "Akl, Nabil"]
[Result "0-1"]
[WhiteElo "2062"]
[BlackElo "2152"]
[PlyCount "124"]
[EventDate "2006.10.15"]
[EventType "team-tourn"]
[EventRounds "11"]
[EventCountry "FRA"]
[SourceTitle "EXT 2008"]
[Source "ChessBase"]
[SourceDate "2007.11.25"]
[SourceVersion "1"]
[SourceVersionDate "2007.11.25"]
[SourceQuality "1"]
[WhiteTeam "Lille"]
[BlackTeam "Issy les Moulineaux"]
[WhiteTeamCountry "FRA"]
[BlackTeamCountry "FRA"]

1. c4 e5 2. Nc3 Nf6 3. g3 Bb4 4. Bg2 Bxc3 5. bxc3 0-0 6. Nf3 d6 7. 0-0 Nbd7 8. Ne1 Re8 9. e4 Nc5 10. d3 Bd7 11. Nc2 Ba4 12. Qe2 b5 13. cxb5 Bxb5 14. c4 Bd7 15. Be3 Rb8 16. Rab1 Rb6 17. Bxc5 dxc5 18. Ne3 Qb8 19. Qc2 h6 20. Rb3 Qd8 21. Ra3 a6 22. Rb1 Bc8 23. Rab3 Nd7 24. Nd5 Rd6 25. Bf1 Nf8 26. Rb8 Ne6 27. Qb2 Nd4 28. Qa3 Nf3+ 29. Kh1 Nd2 30. Rd1 Nxf1 31. Rxf1 c6 32. Ne3 Rxd3 33. Qxc5 Qd6 34. Qxd6 Rxd6 35. Rd1 Rd4 36. Rxd4 exd4 37. Nf5 d3 38. Ne3 d2 39. f3 f5 40. e5 Kf7 41. f4 Be6 42. Rxe8 Kxe8 43. Kg1 Bxc4 44. Kf2 Bxa2 45. Ke2 Be6 46. Kxd2 c5 47. Kc3 Kd7 48. Nd1 g5 49. Nb2 gxf4 50. gxf4 Kc6 51. Kd3 Kb5 52. Kc3 a5 53. Nd1 a4 54. Ne3 a3 55. Nc2 a2 56. Na1 Kc6 57. Nc2 Kd5 58. Kd3 Kc6 59. Kc3 Bd5 60. Na1 Kd7 61. Nc2 Ke6 62. Na1 Kf7 0-1

[Event "FRA-chT2D 0506"]
[Site "France"]
[Date "2006.04.01"]
[Round "10.8"]
[White "Tassetti, Matthieu"]
[Black "Levaux, Christian"]
[Result "0-1"]
[WhiteElo "1962"]
[BlackElo "2013"]
[PlyCount "54"]
[EventDate "2005.10.27"]
[EventType "team-tourn"]
[EventRounds "11"]
[EventCountry "FRA"]
[SourceTitle "EXT 2006"]
[Source "ChessBase"]
[SourceDate "2005.11.24"]
[SourceVersion "1"]
[SourceVersionDate "2005.11.24"]
[SourceQuality "1"]
[WhiteTeam "Mulhouse"]
[BlackTeam "Lille"]
[WhiteTeamCountry "FRA"]
[BlackTeamCountry "FRA"]

1. Nf3 Nf6 2. g3 g6 3. Bg2 Bg7 4. d3 d5 5. 0-0 0-0 6. Nbd2 c6 7. e4 dxe4 8. dxe4 Nfd7 9. Qe2 e5 10. Rd1 Qc7 11. a4 b6 12. Bf1 a5 13. c3 Na6 14. Nc4 Ndc5 15. Qc2 Bg4 16. Be2 f5 17. Ng5 Bxe2 18. Qxe2 h6 19. Nf3 fxe4 20. Ne1 Nb3 21. Rb1 Nac5 22. Qc2 b5 23. Nd2 Nxc1 24. Rbxc1 Qf7 25. Nxe4 Nxe4 26. Qxe4 Qxf2+ 27. Kh1 Qf1# 0-1

[Event "FRA-chT2D 0506"]
[Site "France"]
[Date "2006.02.05"]
[Round "7.8"]
[White "Roumegous, Etienne"]
[Black "Levaux, Christian"]
[Result "0-1"]
[WhiteElo "2112"]
[BlackElo "2013"]
[PlyCount "108"]
[EventDate "2005.10.27"]
[EventType "team-tourn"]
[EventRounds "11"]
[EventCountry "FRA"]
[SourceTitle "EXT 2006"]
[Source "ChessBase"]
[SourceDate "2005.11.24"]
[SourceVersion "1"]
[SourceVersionDate "2005.11.24"]
[SourceQuality "1"]
[WhiteTeam "Evry II"]
[BlackTeam "Lille"]
[WhiteTeamCountry "FRA"]
[BlackTeamCountry "FRA"]

1. d4 Nf6 2. c4 d6 3. f3 e5 4. d5 e4 5. Nc3 exf3 6. gxf3 Nh5 7. Qd4 Be7 8. Bd2 Bh4+ 9. Kd1 0-0 10. e4 Bg5 11. Nge2 c5 12. Qf2 Bxd2 13. Kxd2 a6 14. f4 Nd7 15. Ng3 Qh4 16. Qf3 Ndf6 17. Nge2 Re8 18. Bg2 b5 19. e5 b4 20. Ne4 Nxe4+ 21. Qxe4 dxe5 22. Rae1 Bg4 23. fxe5 Qg5+ 24. Qe3 Qxe3+ 25. Kxe3 Rxe5+ 26. Kd2 Rxe2+ 27. Rxe2 Bxe2 28. Kxe2 Nf4+ 29. Kf3 Nxg2 30. Kxg2 Re8 31. Rd1 Kf8 32. Kf3 Ke7 33. Re1+ Kd7 34. Rxe8 Kxe8 35. Ke4 Kd7 36. Kf5 Ke7 37. h4 g6+ 38. Kg5 f6+ 39. Kf4 h5 40. Ke4 g5 41. hxg5 fxg5 42. Kf5 h4 43. Kg4 Kf6 44. b3 Kg6 45. Kf3 Kf5 46. Kg2 g4 47. Kh2 g3+ 48. Kh3 Kg5 49. Kg2 Kg4 50. d6 h3+ 51. Kh1 Kf3 52. d7 Kf2 53. d8Q g2+ 54. Kh2 g1Q+ 0-1

[Event "FRA-chT2D 0506"]
[Site "France"]
[Date "2005.12.04"]
[Round "4.8"]
[White "Levaux, Christian"]
[Black "Collinet, Laurent"]
[Result "1-0"]
[WhiteElo "2210"]
[BlackElo "1810"]
[PlyCount "57"]
[EventDate "2005.10.27"]
[EventType "team-tourn"]
[EventRounds "11"]
[EventCountry "FRA"]
[SourceTitle "EXT 2006"]
[Source "ChessBase"]
[SourceDate "2005.11.24"]
[SourceVersion "1"]
[SourceVersionDate "2005.11.24"]
[SourceQuality "1"]
[WhiteTeam "Lille"]
[BlackTeam "Chalon"]
[WhiteTeamCountry "FRA"]
[BlackTeamCountry "FRA"]

1. Nf3 c5 2. c4 Nc6 3. g3 Nf6 4. Bg2 e6 5. 0-0 Be7 6. Nc3 d5 7. cxd5 exd5 8. d4 0-0 9. h3 b6 10. Bg5 Bb7 11. dxc5 bxc5 12. Bxf6 Bxf6 13. Nxd5 Rb8 14. Nxf6+ Qxf6 15. b3 Rfd8 16. Qc2 Nd4 17. Nxd4 Bxg2 18. Kxg2 cxd4 19. Rac1 g6 20. Qd3 Rb6 21. Rc2 Rbd6 22. Rfc1 Qg5 23. Rc5 Rd5 24. Qxd4 Qxc1 25. Rxd5 Rxd5 26. Qxd5 Qc2 27. Qa8+ Kg7 28. Qxa7 Qxe2 29. Qd4+ 1-0

[Event "FRA-chT2D 0506"]
[Site "France"]
[Date "2005.11.20"]
[Round "3.8"]
[White "Engelmann, Herve"]
[Black "Levaux, Christian"]
[Result "1/2-1/2"]
[WhiteElo "2010"]
[BlackElo "2250"]
[PlyCount "64"]
[EventDate "2005.10.27"]
[EventType "team-tourn"]
[EventRounds "11"]
[EventCountry "FRA"]
[SourceTitle "EXT 2006"]
[Source "ChessBase"]
[SourceDate "2005.11.24"]
[SourceVersion "1"]
[SourceVersionDate "2005.11.24"]
[SourceQuality "1"]
[WhiteTeam "Gambsheim"]
[BlackTeam "Lille"]
[WhiteTeamCountry "FRA"]
[BlackTeamCountry "FRA"]

1. e4 e6 2. d4 d5 3. Nc3 Bb4 4. e5 b6 5. Qg4 Bf8 6. Nf3 Ne7 7. Bg5 Qd7 8. Nh4 Ng6 9. f4 Ba6 10. Bxa6 Nxa6 11. Qe2 Nb8 12. 0-0-0 h6 13. Nxg6 fxg6 14. Bh4 Nc6 15. g4 Be7 16. Bxe7 Nxe7 17. Qd3 0-0-0 18. Qa6+ Kb8 19. Rd3 c6 20. Ne2 h5 21. g5 Rc8 22. Rf1 Rc7 23. Rb3 Rb7 24. Rff3 Rc8 25. Rfc3 Rcc7 26. a4 Kc8 27. Rb4 Kd8 28. Qd3 Qe8 29. Kb1 Nf5 30. Ng3 Ne7 31. Ne2 Nf5 32. Ng3 Ne7 1/2-1/2

[Event "Jacques Jaudran mem prel4 corr"]
[Site "France AJEC"]
[Date "2000.??.??"]
[Round "?"]
[White "Levaux, Christian"]
[Black "Pittiani, Pascale"]
[Result "1-0"]
[WhiteElo "2231"]
[BlackElo "2000"]
[PlyCount "41"]
[EventDate "2000.11.15"]
[EventType "swiss (corr)"]
[EventRounds "8"]
[EventCountry "FRA"]
[SourceTitle "Corr 2004"]
[Source "ChessBase"]
[SourceDate "2003.04.28"]
[SourceVersion "3"]
[SourceVersionDate "2003.04.28"]
[SourceQuality "1"]

1. c4 e5 2. Nc3 Nf6 3. Nf3 Nc6 4. g3 g6 5. Bg2 Bg7 6. 0-0 0-0 7. d4 exd4 8. Nxd4 Re8 9. Nc2 d6 10. Ne3 Ng4 11. Ncd5 Nxe3 12. Nxe3 Rb8 13. Rb1 Be6 14. h3 Qd7 15. Kh2 Ne5 16. b3 b5 17. cxb5 Rxb5 18. Bb2 f6 19. Rc1 c5 20. Qd2 Rb6 21. Nd5 1-0

[Event "Jacques Jaudran mem prel4 corr"]
[Site "France AJEC"]
[Date "2000.??.??"]
[Round "?"]
[White "Levaux, Christian"]
[Black "Simonet, Daniel"]
[Result "1-0"]
[WhiteElo "2231"]
[BlackElo "1816"]
[PlyCount "59"]
[EventDate "2000.11.15"]
[EventType "swiss (corr)"]
[EventRounds "8"]
[EventCountry "FRA"]
[SourceTitle "Corr 2004"]
[Source "ChessBase"]
[SourceDate "2003.04.28"]
[SourceVersion "3"]
[SourceVersionDate "2003.04.28"]
[SourceQuality "1"]

1. c4 Nf6 2. Nc3 g6 3. g3 Bg7 4. Bg2 0-0 5. e4 d6 6. Nge2 c5 7. d4 cxd4 8. Nxd4 a6 9. 0-0 Nbd7 10. b3 Nc5 11. h3 Qc7 12. Bg5 h6 13. Be3 Rb8 14. Qd2 Kh7 15. b4 Ncd7 16. Nd5 Nxd5 17. exd5 Nf6 18. Rac1 Qd7 19. Rfd1 Qe8 20. c5 e5 21. Nb3 Bf5 22. cxd6 Rh8 23. Nc5 Qd8 24. g4 Bc8 25. f4 exf4 26. Bxf4 Bd7 27. Re1 Re8 28. Re7 Bf8 29. Rxf7+ Kg8 30. Rxf6 1-0